LEADER 01696nam2 22003253i 450 001 SBL0512889 005 20251003044356.0 020 $aIT$b6010042 100 $a20160421d1959 ||||0itac50 ba 101 | $aita 102 $ait 181 1$6z01$ai $bxxxe 182 1$6z01$an 183 1$6z01$anc$2RDAcarrier 200 1 $aˆ3: L'‰intermediazione bancaria nei pagamenti, gli incarichi di riscossione, gli incarichi di pagamento, la delegazione bancaria nella vendita su documenti, le riscossioni e i pagamenti all'estero$fa cura dell'avv. Marcello Tondo 210 $aRoma$cBancaria$d1959 215 $a287 p.$d25 cm. 461 1$1001SBL0512887$12001 $aContratti bancari$fa cura dell'avv. Marcello Tondo$v3 606 $aCONTRATTI BANCARI$xDIRITTO$2FIR$3MILC004528$9I 676 $a346.45082$9DIRITTO IN MATERIA DI ATTIVITA BANCARIE E ASSICURAZIONI. ITALIA$v21 696 $aAspetti giuridici 699 $aDiritto$zAspetti giuridici 700 1$aTondo$b, Marcello$3RAVV031071$4070$0113252 801 3$aIT$bIT-000000$c20160421 850 $aIT-BN0095 912 $aSBL0512889 950 2$aBiblioteca Centralizzata di Ateneo$d 01D (AR) 30 315$e 01AR 0700303155 VMA (0003 v. 3$fY $h20131003$i20131003$cv. 1-3$d 01POZZO LIB.F. PARRAVICINI 293$e 0101 0600162665E VMA (0003 v. 3 (Precedente collocazione P 410)$fB $h20221004$i20221004 977 $a 01 996 $aIntermediazione bancaria nei pagamenti, gli incarichi di riscossione, gli incarichi di pagamento, la delegazione bancaria nella vendita su documenti, le riscossioni e i pagamenti all'estero$91525931 997 $aUNISANNIO